Herbs of Manipur / (Record no. 136424)

MARC details
000 -LEADER
fixed length control field 00676nam a2200217 4500
010 ## - LIBRARY OF CONGRESS CONTROL NUMBER
LC control number B-017732
020 ## - INTERNATIONAL STANDARD BOOK NUMBER
International Standard Book Number 8176481408
Terms of availability 00.00
035 ## - SYSTEM CONTROL NUMBER
System control number B-017732
037 ## - SOURCE OF ACQUISITION
Stock number Cen Lib/Ret
040 ## - CATALOGING SOURCE
Original cataloging agency DPL
Language of cataloging EN
082 ## - DEWEY DECIMAL CLASSIFICATION NUMBER
Classification number 615.321095453
Item number GHO
100 ## - MAIN ENTRY--PERSONAL NAME
Personal name Ghosh, G.K.
245 ## - TITLE STATEMENT
Title Herbs of Manipur /
Statement of responsibility, etc by G. K. Ghosh
260 ## - PUBLICATION, DISTRIBUTION, ETC. (IMPRINT)
Place of publication, distribution, etc New Delhi
Name of publisher, distributor, etc A.P.H. Publishing Corpration
Date of publication, distribution, etc 2000
270 ## - ADDRESS
Address 5, Ansari Road, Darya Ganj
City New Delhi
Postal code 110002
300 ## - PHYSICAL DESCRIPTION
Extent 2 v. (v 1. 619 ; v 2. 621-1164)
500 ## - GENERAL NOTE
General note 2 v. ; v 1. (available) ; v 2. (available).
650 ## - SUBJECT ADDED ENTRY--TOPICAL TERM
Topical term or geographic name as entry element Plants, Medicinal
650 ## - SUBJECT ADDED ENTRY--TOPICAL TERM
Topical term or geographic name as entry element Medicine, Ayurvedic
942 ## - ADDED ENTRY ELEMENTS (KOHA)
Source of classification or shelving scheme Dewey Decimal Classification
Koha item type English Books
Classification part 615.321095453
Call number suffix GHO
Holdings
Withdrawn status Lost status Materials specified (bound volume or other part) Damaged status Not for loan Collection code Home library Current library Date acquired Source of acquisition Cost, normal purchase price Total Checkouts Full call number Barcode Date last seen Copy number Cost, replacement price Price effective from Koha item type
    v.1   Not For Loan Reference Central Library Central Library 02/03/2016 Cen Lib/Ret 0.00   615.321095453 GHO B-017732 02/03/2016 1 0.00 02/03/2016 English Books
    v.2   Not For Loan Reference Central Library Central Library 02/03/2016 Cen Lib/Ret 0.00   615.321095453 GHO B-017733 02/03/2016 2 0.00 02/03/2016 English Books

© Delhi Public Library
Hit Counter
free hit counter